00796nam a22001817a 4500003000900000008004100009040007100050082001700121110003800138245008200176260006600258300005100324505014800375650001600523650001100539650001400550710005000564AR-CdUCM190312b ||||| |||| 00| 0 spa d aMUNICIPALIDAD PROVINCIAL DEL CUSCOcBIBLIOTECA MUNICIPAL DEL CUSCO a918.5 /bC 1 aCongreso Nacional de Geografía. aAnales Primer Congreso Nacional de Geografía :bOtuzco, La Libertad, 1961 / aLima :bAsociación Nacional de Geógrafos Peruanos,c1962. a191 páginas ;bilustraciones, mapas,c25 cm. aContenido: Recomendaciones, acuerdos, resoluciones -- Geografía de los recursos naturales -- El mar del Perú es una región geográfica . aGeografía aPerú aCongresos aAsociación Nacional de Geógrafos Peruanos